000 00460nam a2200145 i 4500
001 50284
003 ES-MaACL
007 t|
008 030801s1982 sp ||||1| spa d
100 1 _aCuétara Martínez, Juan Miguel de la.
_942073
245 1 4 _aLas comunicaciones marítimas en España /
_cJuan Miguel Cuétara Martínez.
260 _aLa Laguna :
_bUniversidad de La Laguna,
_c[1982]
300 _a574 p. ;
_c21 cm.
852 _aES-MaACL
_jL-3911
_bR.104589
999 _c50284
_d50284